| 000 | 00842cam a22002653a 4500 | ||
|---|---|---|---|
| 001 | 18419 | ||
| 003 | PGUSA | ||
| 005 | 20140828083407.0 | ||
| 008 | 060518s2006||||xxu|||||s|||||000 | eng d | ||
| 040 |
_aPGUSA _beng |
||
| 042 | _adc | ||
| 050 | 4 | _aJN | |
| 100 | 1 |
_aChurchill, Winston, _d1874-1965 |
|
| 245 | 1 | 0 |
_aLiberalism and the Social Problem _h[electronic resource] / _cWinston Churchill |
| 260 |
_bProject Gutenberg, _c2006 |
||
| 506 | _aPublic domain in the USA. | ||
| 516 | _aElectronic text | ||
| 653 | _aTaxation -- Great Britain | ||
| 653 | _aWorking class -- Great Britain | ||
| 653 | _aGreat Britain -- Politics and government -- 1901-1910 | ||
| 653 | _aFinance, Public -- Great Britain -- History -- 1815-1918 | ||
| 830 | 0 |
_aProject Gutenberg _v18419 |
|
| 856 | 4 | 0 | _uhttp://www.gutenberg.org/ebooks/18419 |
| 942 | _cEB | ||
| 999 |
_c247674 _d247674 |
||